000 00515nmm a22001337a 4500
005 20160303103432.0
006 a|||||r|||| 00| |
008 160303b xxu||||| |||| 00| 0 spa d
041 _aeng
100 _aSegura Vásquez, Adelfo
_96280
245 _aMatemáticas aplicadas a las ciencias económico-administrativas: simplicidad matematica
300 _eEste disco viene acompañado del libro Matemáticas aplicadas a las ciencias económico-administrativas: simplicidad matemática 519.068/S456m
942 _cCD
999 _c7768
_d7768